EBSU JOURNAL OF INTERNATIONAL LAW AND JURIDICAL REVIEW (Record no. 43670)
[ view plain ]
| 003 - CONTROL NUMBER IDENTIFIER | |
|---|---|
| control field | 43689 |
| 005 - DATE AND TIME OF LATEST TRANSACTION | |
| control field | 20251007193246.0 |
| 008 - FIXED-LENGTH DATA ELEMENTS--GENERAL INFORMATION | |
| fixed length control field | 251007b |||||||| |||| 00| 0 eng d |
| 022 ## - INTERNATIONAL STANDARD SERIAL NUMBER | |
| International Standard Serial Number | 21414602 |
| 040 ## - CATALOGING SOURCE | |
| Transcribing agency | Nile University of Nigeria , Abuja. |
| Description conventions | rda |
| 050 ## - LIBRARY OF CONGRESS CALL NUMBER | |
| Classification number | K 60 E30 |
| 082 ## - DEWEY DECIMAL CLASSIFICATION NUMBER | |
| Classification number | K 60 E30 |
| 245 ## - TITLE STATEMENT | |
| Title | EBSU JOURNAL OF INTERNATIONAL LAW AND JURIDICAL REVIEW |
| 250 ## - EDITION STATEMENT | |
| Edition statement | Vol.4,No.2, 2016 |
| 260 ## - PUBLICATION, DISTRIBUTION, ETC. (IMPRINT) | |
| Place of publication, distribution, etc | Ebonyi State |
| Name of publisher, distributor, etc | Heirloom |
| Date of publication, distribution, etc | 2016 |
| 264 ## - PUBLICATION, DISTRIBUTION, ETC. (IMPRINT) | |
| Place of publication, distribution, etc | Ebonyi State |
| Name of publisher, distributor, etc | Heirloom |
| Date of publication, distribution, etc | 2016 |
| 300 ## - PHYSICAL DESCRIPTION | |
| Other physical details | VII, 192 PG., 35 cm |
| 336 ## - CONTENT TYPE | |
| Source | rdacontent |
| 338 ## - CARRIER TYPE | |
| Source | rdacarrier |
| 942 ## - ADDED ENTRY ELEMENTS (KOHA) | |
| Source of classification or shelving scheme | Library of Congress Classification |
| Koha item type | JOURNALS |
| Withdrawn status | Lost status | Source of classification or shelving scheme | Damaged status | Not for loan | Permanent Location | Current Location | Shelving location | Date acquired | Total Checkouts | Date last seen | Price effective from | Koha item type |
|---|---|---|---|---|---|---|---|---|---|---|---|---|
| Library of Congress Classification | Law Library | Law Library | Items on shelf | 08/13/2019 | 10/07/2025 | 10/07/2025 | JOURNALS | |||||
| Library of Congress Classification | Law Library | Law Library | Items on shelf | 08/13/2019 | 10/07/2025 | 10/07/2025 | JOURNALS | |||||
| Library of Congress Classification | Law Library | Law Library | Items on shelf | 08/13/2019 | 10/07/2025 | 10/07/2025 | JOURNALS |